1521 1722 1017 1821 1551 1780 1431 1454 1929 1227 1375 1439 1729 1561 1602 1369 1405 1224 1609 1222 1367 1250 1117 1075 1655 1530 1501 1637 1146 1132 1297 1872 1593 1125 1141 1363 1350 1306 1317 1513 1684 1003 1011 1413 1837 1908 1048 1837 1875 1844 1310 1524 1820 1127 1211 1109 1683 1079 1752 1854 1039 1722 1539 1729 1521 1430 1780 1490 1786 1736 1257 1893 1958 1635 1465 1298 1249 1592 1579 1202 1893 1931 1588 1271 1037 1371 1853 1235 1235 1520 1359 1205 1838 1396 1116 1516 1231 1681 1867 BCNSPRNW ULIB Ver.6.0+V

เปลี่ยนเป็นภาษาไทย

Change to English
 แสดงรายละเอียดบรรณานุกรม
  กลับหน้าหลัก

Brief Record : Get Marc (ISO 2709) : E-mail record : QR code < ปิดหน้าต่าง
LEADER : 00000nam 2200000uu 4500
001    13399111402
003     ULIB
008    110623s||||||||th 000 0 tha d
020    9747236715
050  4 BQ1652.E5^bช724ค 2545
100 0  เชอเกียม ตรุงปะ รินโปเช
245 10 คำภีร์มรณศาสตร์แห่งธิเบต /^cเชอเกียม ตรุงปะ รินโปเช
250    พิมพ์ครั้งที่ 4
260    กรุงเทพฯ :^bมูลนิธิโกมลคีมทอง,^c2545
300    139 หน้า :^bภาพประกอบ
650  7 มรณศาสตร์
650  7 ธิเบต
945    ^p125^l0^i026698
995    ทศพร
999 ^a ใช้งานได้ทุกระบบ
รายการนี้ยังไม่มีแท็ก
คุณยังไม่ได้ล็อกอิน คุณสามารถมีกิจกรรมร่วมกับเว็บไซต์ได้ แต่ต้องล็อกอินก่อน ::
  ล็อกอิน

รายการสื่อสารสนเทศ

ลำดับที่ ประเภท เลขเรียก/บาร์โค้ด สถานที่ สถานะ
- ไม่พบข้อมูล -

รายการใกล้เคียง
    หัวเรื่อง [ธิเบต]

BibComment


ยังไม่เคยถูกคอมเมนท์

คอมเมนท์ทรัพยากรรายการนี้
  คอมเมนท์: คำภีร์มรณศาสตร์แห..


 Copyright 2026. Bcnsprnw @Library